UBT Library

The leadership crisis and the free market cure : (Record no. 40207)

000 -LEADER
fixed length control field 00856cam a2200253 i 4500
001 - CONTROL NUMBER
control field 18284674
005 - DATE AND TIME OF LATEST TRANSACTION
control field 20180112070057.0
008 - FIXED-LENGTH DATA ELEMENTS--GENERAL INFORMATION
fixed length control field 140829s2015 nyu 000 0 eng
010 ## - LIBRARY OF CONGRESS CONTROL NUMBER
LC control number 2014029567
020 ## - INTERNATIONAL STANDARD BOOK NUMBER
International Standard Book Number 9780071831116 (hardback : alk. paper)
020 ## - INTERNATIONAL STANDARD BOOK NUMBER
International Standard Book Number 0071831118
040 ## - CATALOGING SOURCE
Original cataloging agency DLC
Language of cataloging eng
Transcribing agency DLC
Description conventions rda
Modifying agency DLC
041 ## - LANGUAGE CODE
Language code of text/sound track or separate title eng
042 ## - AUTHENTICATION CODE
Authentication code pcc
080 ## - UNIVERSAL DECIMAL CLASSIFICATION NUMBER
Universal Decimal Classification number 658.4092 JOH
082 00 - DEWEY DECIMAL CLASSIFICATION NUMBER
Classification number 658.4092 JOH
Edition number 23
084 ## - OTHER CLASSIFICATION NUMBER
Classification number BUS071000
Source of number bisacsh
100 1# - Rafti
Rafti 54
101 ## - Shkurtesa
Shkurtesa ECO
245 14 - TITLE STATEMENT
Title The leadership crisis and the free market cure :
Statement of responsibility, etc John A. Allison.
906 ## - LOCAL DATA ELEMENT F, LDF (RLIN)
a 7
b cbc
c orignew
d 1
e ecip
f 20
g y-gencatlg
942 ## - ADDED ENTRY ELEMENTS (KOHA)
Source of classification or shelving scheme
Item type Books
Holdings
Withdrawn status Lost status Source of classification or shelving scheme Damaged status Not for loan Permanent location Current location Date acquired Total Checkouts Full call number Barcode Date last seen Price effective from Koha item type
          UBT - Lipjan UBT - Lipjan 01/12/2018   658.4092 JOH 002-2995334 01/12/2018 01/12/2018 Books
UBT Library © 2015-2024. All rights reserved University Education for Business and Technology